| 000 | 01054cam a22003257a 4500 | ||
|---|---|---|---|
| 003 | CHAP | ||
| 005 | 20220329141145.0 | ||
| 008 | 110318s1987 mx r 00010 spa d | ||
| 010 | _a63549 | ||
| 011 | _a64521 | ||
| 020 | _a9687270209 | ||
| 035 | _a69919 | ||
| 040 | _cCHAP | ||
| 082 |
_a519.52 _bSch21 |
||
| 100 | 0 | 0 |
_aScheaffer, Richard L. _9102924 |
| 245 | 1 | 0 |
_aElementos de muestreo _c/por Richard l. Scheaffer, William Mendenhall y Lyman Ott |
| 260 |
_aMéxico, D. F. : _bIberoamericana, _c1987 |
||
| 300 |
_a321 p. : _btablas |
||
| 590 |
_aBATCH-UPD _b10 _c20130110 _lUCH01 _h0200 |
||
| 590 |
_aBATCH-UPD _b10 _c20130110 _lUCH01 _h1214 |
||
| 590 |
_aBATCH-UPD _b10 _c20130410 _lUCH01 _h0752 |
||
| 590 |
_aBATCH-UPD _b10 _c20130914 _lUCH01 _h1812 |
||
| 590 |
_aCONVERSION _b10 _c20130109 _lUCH01 _h1334 |
||
| 650 | 1 | 4 |
_aMuestreo estadístico. _979288 |
| 700 | 0 |
_aMendenhall, William. _974569 |
|
| 700 | 0 |
_aOlt, Lyman. _983215 |
|
| 901 | _aBK | ||
| 942 | _cLIBRO | ||
| 949 |
_a519.52 Sch21 _bBC _cLIBRO _d33724002235363 _eLIBRO _gDonaciØn _h114367 _i69919 _si |
||
| 999 |
_c63549 _d63549 |
||